LEADER 01787namaa2200397 i 4500 001 000000178707 003 CaOOAMICUS 005 20260515115756.0 007 tu 008 260515s2015 it abf 000 u ita r 020 $a978-88-213-1162-8* 040 $aPUL$bita$erda 082 0 $a930.1 245 10$aArcheologia cristiana :$bcoordinate storiche, geografiche e culturali (secoli 1.-5.) /$ca cura di Penelope Filacchione e Caterina Papi ; presentazione di Manlio Sodi. 264 4$cİ2015.. 264 1$aRoma :$bLAS,$c[2015] 300 $a470 pagine, XV pagine di tav.,1 carta geografiche :$billustrazioni; $c24 cm 336 $atesto$btxt$2rdacontent 337 $asenza mediazione$bn$2rdamedia 338 $avolume$bnc$2rdacarrier 490 1 $aFlumina ex fontibus ;$v8 504 $aBibliografia: pagine [417]-447. 650 4$aArcheologia cristiana.$0(OLS)http://pul/subject/43155 700 1 $aFilacchione, Penelope,$ecuratore.$0(OLS)http://pul/name/114996 700 1 $aPapi, Caterina,$d1976-$0(OLS)http://pul/name/114997 700 1 $aSodi, Manlio,$cS.D.B.,$d1944-$0(OLS)http://pul/name/32025 830 0$aFlumina ex fontibus ;$v8.$0(OLS)http://pul/title/181554 850 $aPUL 852 $aPUL$W1$xSL Religione 3$y85$m930. 1 FILPE 1$j202483$qDDC 21$B207901$CPULBib$Z2$F207901 $H138613 $82 941 1 $a9 996 $6020$a978-88-213-1162-8*$9(OLS)http://pul/number/170959 996 $6082$a930.1$9(OLS)http://pul/classification/2505 996 $6245$aArcheologia cristiana :$bcoordinate storiche, geografiche e culturali (secoli 1.-5.)$9(OLS)http://pul/title/220285 996 $6264$aRoma :$bLAS$9(OLS)http://pul/publisher/48069 996 $6264$a[S.l.] :$b[s.n.]$9(OLS)http://pul/publisher/0